000 00758nam a2200193 i 4500
001 180421
003 ES-MaACL
005 20230906221106.0
008 120601s1968 sp | |||| ||spa d
080 _a547(043.2)
100 1 _aVendrell Melich, Miguel.
_9150305
245 1 0 _aContribución al estudio de un reductodímero de la pulegona, C20 H36 O2, f, 135º /
_cMiguel Vendrell Melich.
260 _a[Barcelona] :
_bUniversidad de Barcelona, Secretariado de Publicaciones, Intercambio Científico y Extensión Universitaria,
_c[1968]
300 _a20 p. ;
_c24 cm.
502 _aResumen de tesis--Universidad de Barcelona.
650 4 _aCompuestos orgánicos.
_9150306
710 2 _aUniversidad de Barcelona.
_97141
852 _aES-MaACL
_jE-15362(16)
999 _c180421
_d180421